Italy Squad Euro 2024 - Statistics

General Stats
  • This quiz has been taken 151 times
    124 since last reset
  • The average score is 18 of 26
Answer Stats
Club Position Answer % Correct
PSG GK Gianluigi Donnarumma
98%
Tottenham GK Guglielmo Vicario
95%
Inter Milan DF Alessandro Bastoni
90%
Inter Milan DF Federico Dimarco
89%
Inter Milan MF Nicolo Barella
88%
Arsenal MF Jorginho
86%
Juventus FW Federico Chiesa
85%
Bologna DF Riccardo Calafiori
84%
Napoli GK Alex Meret
80%
Napoli DF Giovanni Di Lorenzo
78%
Atalanta FW Gianluca Scamacca
77%
Napoli FW Giacomo Raspadori
65%
Roma MF Lorenzo Pellegrini
65%
Inter Milan DF Matteo Darmian
63%
Lazio FW Mattia Zaccagni
62%
Genoa FW Mateo Retegui
60%
Torino DF Alessandro Buongiorno
56%
Juventus DF Federico Gatti
56%
Roma DF Gianluca Mancini
56%
Juventus DF Andrea Cambiaso
55%
Roma MF Bryan Cristante
55%
Inter Milan MF Davide Frattesi
55%
Juventus MF Nicolo Fagioli
53%
Roma FW Stephan El Shaarawy
49%
Torino DF Raoul Bellanova
42%
Hellas Verona MF Michael Folorunsho
37%
No matching quizzes found
Score Distribution
Percent of People with Each Score
Percentile by Number Answered
Your Score History
You have not taken this quiz since the last reset